Analýza externého prostredia podniku
Ciele plánovania strategických scenárov a predstavy o budúcnosti vo výrobných podnikoch. Návrh vhodnej stratégie a opatrenia manažmentu. Kľúčové oblasti strategického plánu, ktoré bude podnik následne realizovať.
Gespeichert in:
| 1. Verfasser: | |
|---|---|
| Weitere Verfasser: | , |
| Format: | Buchkapitel |
| Sprache: | Slowakisch |
| Schlagworte: | |
| Tags: |
Keine Tags, Fügen Sie das erste Tag hinzu!
|
MARC
| LEADER | 00000nla$a2200000$$$4500 | ||
|---|---|---|---|
| 001 | 0142148 | ||
| 005 | 20220808135837.1 | ||
| 041 | 0 | |a slo | |
| 044 | |a SK | ||
| 245 | 1 | 0 | |a Analýza externého prostredia podniku |c Iveta Medvecká, Branislav Mičeta, Stela Gregorová |
| 520 | |a Ciele plánovania strategických scenárov a predstavy o budúcnosti vo výrobných podnikoch. Návrh vhodnej stratégie a opatrenia manažmentu. Kľúčové oblasti strategického plánu, ktoré bude podnik následne realizovať. | ||
| 610 | 2 | 0 | |a podnik |
| 610 | 2 | 0 | |a prostredie podnikové |
| 610 | 2 | 0 | |a stratégia podniková |
| 610 | 2 | 0 | |a prostredie podnikateľské |
| 610 | 2 | 0 | |a plánovanie strategické |
| 610 | 2 | 0 | |a analýza ekonomická |
| 610 | 2 | 0 | |a výkonnosť |
| 610 | 2 | 0 | |a riadenie rizík |
| 610 | 2 | 0 | |a riadenie zmien |
| 100 | 1 | |a Medvecká, Iveta | |
| 700 | 1 | |a Mičeta, Branislav | |
| 700 | 1 | |a Gregorová, Stela | |